Plans for conveyancing in England and Wales (Record no. 92688)

MARC details
000 -LEADER
fixed length control field 00660cam a2200229 4500
008 - FIXED-LENGTH DATA ELEMENTS--GENERAL INFORMATION
fixed length control field 090401t1989 xxu||||| |||| 00| 0 eng d
020 ## - INTERNATIONAL STANDARD BOOK NUMBER
International Standard Book Number 0854064494
035 ## - SYSTEM CONTROL NUMBER
System control number (Sirsi) u50304
041 ## - LANGUAGE CODE
Language code of text/sound track or separate title eng
050 ## - LIBRARY OF CONGRESS CALL NUMBER
Classification number 526.9
090 ## - LOCALLY ASSIGNED LC-TYPE CALL NUMBER (OCLC); LOCAL CALL NUMBER (RLIN)
Classification number (OCLC) (R) ; Classification number, CALL (RLIN) (NR) RICS 1989/79 ABCD
100 ## - MAIN ENTRY--PERSONAL NAME
Personal name Scott, Lawrence
245 ## - TITLE STATEMENT
Title Plans for conveyancing in England and Wales
260 ## - PUBLICATION, DISTRIBUTION, ETC.
Place of publication, distribution, etc. London
Name of publisher, distributor, etc. RICS Land Surveyors Division
Date of publication, distribution, etc. 1989
300 ## - PHYSICAL DESCRIPTION
Extent ii, 22, (13)p. ; 30cm.
350 ## - PRICE (NR) (BK AM CF MU VM SE) [OBSOLETE]
Price 15
520 ## - SUMMARY, ETC.
Summary, etc. Enclosure: 1 folded leaf (4 pages) giving examples of Land Registry plans.
650 ## - SUBJECT ADDED ENTRY--TOPICAL TERM
Topical term or geographic name entry element Boundary disputes
9 (RLIN) 6221
650 ## - SUBJECT ADDED ENTRY--TOPICAL TERM
Topical term or geographic name entry element HM LAND REGISTRY
942 ## - ADDED ENTRY ELEMENTS (KOHA)
Suppress in OPAC 0
948 ## - LOCAL PROCESSING INFORMATION (OCLC); SERIES PART DESIGNATOR (RLIN)
c (OCLC) 04/03/1997
Holdings
Withdrawn status Lost status Source of classification or shelving scheme Damaged status Not for loan Home library Current library Shelving location Date acquired Cost, normal purchase price Total Checkouts Full call number Barcode Date last seen Copy number Cost, replacement price Price effective from Koha item type Date last checked out
    Dewey Decimal Classification     London London RICS Boxes 14/09/1999 15.00   RICS 1989/79 30022731 06/08/2019 1 15.00 06/08/2019 Archive  
    Dewey Decimal Classification     London London RICS Boxes 20/08/1991 15.00 1 RICS 1989/79 30031673 06/08/2019 2 15.00 06/08/2019 Book 15/09/1999
    Dewey Decimal Classification     London London RICS Boxes 14/09/1999 15.00   RICS 1989/79 30031676 06/08/2019 3 15.00 06/08/2019 Reference material  
    Dewey Decimal Classification     London London RICS Boxes 20/08/1991 15.00   RICS 1989/79 30031677 06/08/2019 4 15.00 06/08/2019 Book